Quiz Une dépendance ... une question (1) - Statistiques

Statistiques générales
  • Ce quiz a été pris 6 fois
  • Le résultat moyen est 9 sur 20
Statistiques - réponses
Question Réponse % Correct
La revendication des Malouines par l'Argentine a conduit ce pays à entrer en guerre contre l'Angleterre en... 1982
100%
Quelle affirmation est fausse concernant les Iles Vierges britanniques... la capitale est Spanish town
83%
L'île Bonaire, qui appartient aux Pays-Bas, se trouve dans la mer des Caraïbes
67%
L'archipel de Tristan da Cunha est en 2024 une dépendance... du Royaume-Uni
67%
L'île de Saint-Barthélémy a été dévastée en 2017 par l'ouragan Irma
67%
L'ile de l'Ascension se trouve dans l'océan Atlantique
67%
L'ancienne capitale de Montserrat a été détruite en 1997 par une éruption volcanique
67%
Gibraltar est possession du Royaume-Uni depuis... 1704
50%
Le pays indépendant le plus proche de la collectivité de Wallis-et-Futuna est/sont Fidji
50%
Quel est le plus haut sommet de la partie française de l'île de St Martin ? Pic Paradis
50%
Les Samoas américaines sont situées à *** km de Hawaï 3700
33%
Quelle affirmation est exacte concernant l'archipel de Saint-Pierre-et-Miquelon ? c'est le seul territoire français en Amérique du Nord
33%
Les Tokelau dépendent de la Nouvelle-Zélande. On les appelait autrefois... Iles de l'Union
33%
Sur l'île de Saint-Eustache vit une population qui utilise comme langue au quotidien... l'anglais
33%
Jusqu'en 1967, Anguilla était associé à St Christophe-et-Niévès
33%
Depuis 2010, avec l'île St Eustache et l'île Bonaire, l'île Saba constitue les îles... BES
17%
Qu'est ce qui est inexact concernant l'île de Gough ? elle est inhabitée
17%
Quelle est la monnaie utilisée dans la partie néerlandaise de l'île de St Martin ? Florin des Antilles
17%
Quelle affirmation est fausse concernant l'île inaccessible ? Elle a été découverte en 1752
0%
Ste Hélène n'a pas été que le lieu d'exil de Napoléon 1er, les Anglais y ont aussi emprisonné d'autres personnes sauf l'une de ces quatre propositions... Un chef bantou
0%
Aucun quiz correspondant
Distribution des résultats
% des personnes avec chaque résultat
Percentile par nombre de réponses
Votre historique - résultats
Vous n’avez pas pris ce quiz